000 01127nam a2200277 a 4500
003 BLK
005 20241031095027.0
008 230322b bu |||||||||| 00| | bu d
020 _a9786192332266
040 _aBLK
041 _aBUL
_cBUL
080 _aБългарска литература
_b821.163.2
_x-312.6
_z821.163.2-312.6
100 1 _966191
_aДюлгеров, Георги Димитров
_eпърви автор
139 _aДюлгеров, Георги Димитров
_bД 97
245 _aБиография на моите филми
_cГеорги Дюлгеров
_nЧ. 2
260 _9209549
_aСофия
_bНов бълг. унив.
_c2022
_dНБУ
_f([София] : Симолини 94)
_n978-954-535- ; 954-9926-
300 _a243 с.
_b с цв. ил.
_c24 см
380 _aX
500 _aБиогр. данни за авт. отбелязани на 2-ра кор. Именен показалец
852 _aЦб 316925
_bЦб
856 _i0.00
_ldisable
942 _cKNG
_n0
_s1
_02
944 _aCR
_c2023-03-22
_k30530
_lМинев Младен
999 _c489773
_d489773
999 _d489773
999 _d489773